Statystyki dla Quiz o Japonii

Kliknij tutaj aby rozwiązać quiz!

Ogólne statystyki

  • Ten quiz został rozwiązany 5 793 razy
  • Średni wynik to 12 z 24

Statystyki odpowiedzi

WskazówkaOdpowiedź% Poprawnych
StolicaTokio
97%
Potoczna nazwa JaponiiKraj {Wschodzącego}
{Słońca}
90%
Jednostka monetarnaJen
78%
Nazwa dla japońskich komiksówManga
75%
Słynny kwiat drzewaSakura
69%
Tradycyjne religieBuddyzm
68%
Trunek zrobiony ze sfermentowanego ryżuSake
60%
Najwyższa góraFudżi
58%
Główne wyspyHonsiu
56%
Sport narodowySumo
55%
Główne wyspyHokkaido
52%
Suknia japońska noszona na formalne okazjeKimono
52%
Szlachta wojskowa przedindustrialnej JaponiiSamuraj
52%
Dawna stolica oraz miasto świątyńKioto
50%
Druga największa aglomeracjaOsaka
47%
Główne wyspyKiusiu
38%
Osoba w Japonii o zdolnościach
artystycznych, bawiąca gości rozmową,
tańcem, śpiewem i grą na instrumencie
Gejsza
35%
Nazwa państwa po japońskuNihon
35%
Tradycyjne religieShinto
30%
Najpopularniejszy sport widowiskowyBaseball
29%
Główne wyspySikoku
27%
Miasto Kobe słynie z tej potrawyWołowina
23%
Prefektura wysunięta najbardziej na południe,
gdzie wynaleziono karate
Okinawa
22%
Dawna nazwa powyższej stolicyEdo
21%

Rozkład punktacji

Percentyl według liczby udzielonych odpowiedzi

Procent ludzi z każdym wynikiem

Twoja historia wyników

Nie rozwiązałeś tego quizu